000
00200nam a22000857a 4500
999
_c
23739
_d
23739
005
20250212123617.0
008
250212b ||||| |||| 00| 0 eng d
040
_c
sk
245
_a
Tajomstvo olivového stromu